Katastralgemeinden des Waldviertels - Statistiken

Allgemein
  • Dieses Quiz wurde 17 mal gespielt
  • Das Durchschnittsergebnis liegt bei 157 aus 1135
Antwortstatistiken
Gemeinde Einwohner Katastralgemeinde % Korrekt
Arbesbach 126 Brunn
82%
Lichtenau im Waldviertel 127 Brunn am Wald
82%
Brunn an der Wild 325 Brunn an der Wild
82%
Dobersberg 49 Brunn bei Dobersberg
82%
Waidhofen an der Thaya-Land 244 Brunn bei Waidhofen
82%
Gedersdorf 692 Brunn im Felde
82%
Großdietmanns 680 Dietmanns
73%
Dietmanns 1.025 Dietmanns
73%
Bad Traunstein 79 Dietmanns
73%
Groß Gerungs 91 Dietmanns
73%
Dobersberg 739 Dobersberg
73%
Gastern 327 Gastern
73%
Gmünd ~4.000 Gmünd
73%
Hadersdorf-Kammern 1.610 Hadersdorf am Kamp
73%
Kautzen ~300 Kautzen
73%
Thaya 641 Thaya
73%
Waidhofen an der Thaya 4.230 Waidhofen an der Thaya
73%
Zwettl-NÖ ~3.000 Zwettl Stadt
73%
Amaliendorf-Aalfang 340 Aalfang
64%
Ludweis-Aigen 79 Aigen
64%
Groß Gerungs 40 Aigen
64%
Altmelon 337 Altmelon
64%
Amaliendorf-Aalfang 701 Amaliendorf
64%
Bärnkopf 350 Bärnkopf
64%
Waldhausen 208 Brand
64%
Eggern 474 Eggern
64%
Eisgarn 358 Eisgarn
64%
Gedersdorf 446 Gedersdorf
64%
Gföhl 2.154 Gföhl
64%
Göpfritz an der Wild 773 Göpfritz an der Wild
64%
Groß-Siegharts 1.949 Groß-Siegharts
64%
Haugschlag 228 Haugschlag
64%
Heidenreichstein 2.481 Heidenreichstein
64%
Jaidhof 389 Jaidhof
64%
Japons 231 Japons
64%
Karlstein an der Thaya 624 Karlstein an der Thaya
64%
Langenlois ~3.500 Langenlois
64%
Lengenfeld 1.422 Lengenfeld
64%
Litschau 1.353 Litschau
64%
Ludweis-Aigen 181 Ludweis
64%
Zwettl-NÖ 247 Marbach am Walde
64%
Marbach an der Donau 559 Marbach an der Donau
64%
Albrechtsberg an der Großen Krems 67 Marbach an der Kleinen Krems
64%
Rastenfeld 201 Marbach im Felde
64%
Münichreith-Laimbach 361 Münichreith
64%
Kottes-Purk 31 Münichreith
64%
Karlstein an der Thaya 91 Münichreith an der Thaya
64%
Ludweis-Aigen 45 Pfaffenschlag
64%
Kottes-Purk 23 Pfaffenschlag
64%
Pfaffenschlag bei Waidhofen an der Thaya 418 Pfaffenschlag bei Waidhofen an der Thaya
64%
Raabs an der Thaya 825 Raabs an der Thaya
64%
Reingers 189 Reingers
64%
Schönberg am Kamp 582 Schönberg
64%
Schrems 3.238 Schrems
64%
Senftenberg 965 Senftenberg
64%
St. Martin 614 St. Martin
64%
Straß im Straßertale 1.392 Straß im Straßertale
64%
Vitis 1.323 Vitis
64%
Waldkirchen an der Thaya 158 Waldkirchen an der Thaya
64%
Weitra 1.552 Weitra
64%
Windigsteig 293 Windigsteig
64%
Aggsbach 387 Aggsbach
55%
Waldenstein 327 Albrechts
55%
Albrechtsberg an der Großen Krems 288 Albrechtsberg an der Großen Krems
55%
Allentsteig 1.291 Allentsteig
55%
Altenburg 431 Altenburg
55%
Unserfrau-Altweitra 266 Altweitra
55%
Arbesbach 653 Arbesbach
55%
Bad Traunstein 304 Bad Traunstein
55%
Burgschleinitz-Kühnring 391 Burgschleinitz
55%
Dorfstetten 579 Dorfstetten
55%
Drosendorf-Zissersdorf 73 Drosendorf Altstadt
55%
Drosendorf-Zissersdorf 525 Drosendorf Stadt
55%
Droß 1.011 Droß
55%
Dürnstein 350 Dürnstein
55%
Echsenbach 796 Echsenbach
55%
Eggenburg 3.025 Eggenburg
55%
Emmersdorf an der Donau 758 Emmersdorf an der Donau
55%
St. Bernhard-Frauenhofen 511 Frauenhofen
55%
Gars am Kamp 1.895 Gars am Kamp
55%
Geras 429 Geras
55%
Persenbeug-Gottsdorf 778 Gottsdorf
55%
Straning-Grafenberg 192 Grafenberg
55%
Vitis 95 Grafenschlag
55%
Grafenschlag 400 Grafenschlag
55%
Großgöttfritz 278 Großgöttfritz
55%
Bad Großpertholz 581 Großpertholz
55%
Großschönau 332 Großschönau
55%
Spitz 136 Gut am Steg
55%
Gutenbrunn 506 Gutenbrunn
55%
Heidenreichstein 36 Guttenbrunn
55%
Zwettl-NÖ 69 Guttenbrunn
55%
Moorbad Harbach 159 Harbach
55%
Hirschbach 531 Hirschbach
55%
Maria Laach am Jauerling 15 Hof
55%
Emmersdorf an der Donau 107 Hofamt
55%
Hofamt Priel 1.175 Hofamt Priel
55%
Hoheneich 1.024 Hoheneich
55%
Horn 5.395 Horn
55%
Irnfritz-Messern 530 Irnfritz
55%
Hadersdorf-Kammern 356 Kammern
55%
Kirchschlag 240 Kirchschlag
55%
Klein-Pöchlarn 1.063 Klein-Pöchlarn
55%
Kottes-Purk 386 Kottes
55%
Krems an der Donau ~14.000 Krems an der Donau
55%
Krumau am Kamp 268 Krumau am Kamp
55%
Burgschleinitz-Kühnring 308 Kühnring
55%
Münichreith-Laimbach 652 Laimbach am Ostrong
55%
Langau 642 Langau
55%
Grafenschlag 42 Langschlag
55%
Langschlag 615 Langschlag
55%
Leiben 795 Leiben
55%
Lichtenau im Waldviertel 396 Lichtenau
55%
Maria Laach am Jauerling 279 Maria Laach am Jauerling
55%
Maria Taferl 274 Maria Taferl
55%
Martinsberg 551 Martinsberg
55%
Irnfritz-Messern 194 Messern
55%
Rosenburg-Mold 326 Mold
55%
Mühldorf 321 Mühldorf
55%
Brand-Nagelberg 645 Nagelberg
55%
Nöchling 785 Nöchling
55%
Ottenschlag 797 Ottenschlag
55%
Zwettl-NÖ 45 Ottenschlag
55%
Pernegg 209 Pernegg
55%
Persenbeug-Gottsdorf 1.293 Persenbeug
55%
Artstetten-Pöbring 52 Pöbring
55%
Pöggstall 946 Pöggstall
55%
Kottes-Purk 161 Purk
55%
Rappottenstein 313 Rappottenstein
55%
Rastenfeld 498 Rastenfeld
55%
Raxendorf 304 Raxendorf
55%
Röhrenbach 157 Röhrenbach
55%
Röschitz 675 Röschitz
55%
Rosenburg-Mold 311 Rosenburg
55%
Sallingberg 373 Sallingberg
55%
Litschau 62 Schlag
55%
Schwarzenau 54 Schlag
55%
Schönbach 375 Schönbach
55%
Schwarzenau 846 Schwarzenau
55%
Schweiggers 783 Schweiggers
55%
Sigmundsherberg 660 Sigmundsherberg
55%
Spitz 1.210 Spitz
55%
St. Bernhard-Frauenhofen 302 St. Bernhard
55%
Bad Traunstein 97 Stein
55%
Krems an der Donau 2.037 Stein an der Donau
55%
St. Leonhard am Hornerwald 325 St. Leonhard am Hornerwald
55%
St. Oswald ~900 St. Oswald
55%
Straning-Grafenberg 284 Straning
55%
Stratzing 906 Stratzing
55%
Waldenstein 369 Waldenstein
55%
Waldhausen 215 Waldhausen
55%
Weinzierl am Walde 256 Weinzierl am Walde
55%
Krems an der Donau ~2.500 Weinzierl bei Krems
55%
Weißenkirchen an der Wachau 931 Weißenkirchen an der Wachau
55%
Weiten 388 Weiten
55%
Weitersfeld 635 Weitersfeld
55%
Yspertal ~400 Ysper
55%
Drosendorf-Zissersdorf 219 Zissersdorf
55%
Brand-Nagelberg 445 Alt-Nagelberg
45%
Artstetten-Pöbring 547 Artstetten
45%
Groß Gerungs 1.077 Groß Gerungs
45%
Geras 152 Hötzelsdorf
45%
Grafenegg 261 Kamp
45%
Arbesbach 63 Kamp
45%
Kirchberg am Walde 506 Kirchberg am Walde
45%
Göpfritz an der Wild 171 Kirchberg an der Wild
45%
Raxendorf 17 Pölla
45%
Schrems 241 Pürbach
45%
Litschau 82 Schönau
45%
Bad Traunstein 57 Schönau
45%
Unserfrau-Altweitra 228 Unserfrau
45%
Grafenschlag 65 Kleingöttfritz
36%
Heidenreichstein 170 Kleinpertholz
36%
Langschlag 82 Kleinpertholz
36%
Martinsberg 87 Kleinpertholz
36%
Bad Großpertholz 118 Mühlbach
36%
Groß Gerungs 43 Mühlbach
36%
Arbesbach 124 Neumelon
36%
Emmersdorf an der Donau 137 St. Georgen
36%
Kirchberg am Walde 200 Ullrichs
36%
Unserfrau-Altweitra 78 Ulrichs
36%
Pölla 153 Altpölla
27%
Groß Gerungs 22 Blumau
27%
Ludweis-Aigen 159 Blumau an der Wild
27%
Horn 385 Breiteneich
27%
Krems an der Donau 972 Egelsee
27%
Krumau am Kamp 96 Eisenberg
27%
Jaidhof 249 Eisenbergeramt
27%
Jaidhof 270 Eisengraben
27%
Grafenegg 1.106 Etsdorf am Kamp
27%
Gföhl 287 Gföhleramt
27%
Gföhl 124 Großmotten
27%
Rappottenstein 152 Kirchbach
27%
Martinsberg 37 Kleingerungs
27%
Meiseldorf 380 Kleinmeiseldorf
27%
Vitis 36 Kleinschönau
27%
Zwettl-NÖ 117 Kleinschönau
27%
Marbach an der Donau 605 Krummnußbaum an der Donauuferbahn
27%
Gföhl 35 Lengenfelderamt
27%
Lichtenau im Waldviertel 279 Loiwein
27%
Pölla 241 Neupölla
27%
Hoheneich 365 Nondorf
27%
Pölla 55 Nondorf
27%
Irnfritz-Messern 61 Nondorf an der Wild
27%
Gars am Kamp 74 Nondorf bei Gars
27%
Waidhofen an der Thaya-Land 87 Nonndorf
27%
Groß Gerungs 89 Nonndorf
27%
Raabs an der Thaya 64 Nonndorf bei Raabs
27%
Rastenfeld 500 Peygarten
27%
Schönberg am Kamp 248 Plank am Kamp
27%
Senftenberg 186 Priel
27%
Krems an der Donau 1.830 Rehberg
27%
Emmersdorf an der Donau 28 Reith
27%
Raabs an der Thaya 32 Reith
27%
Langenlois 621 Schiltern
27%
Artstetten-Pöbring 39 Schwarzau
27%
Arbesbach 57 Schwarzauamt
27%
Windigsteig 51 Waldberg
27%
Kottes-Purk 53 Weikartschlag
27%
Bad Großpertholz 58 Weikertschlag
27%
Raabs an der Thaya 129 Weikertschlag an der Thaya
27%
Gastern 111 Weißenbach
27%
Yspertal ~1000 Altenmarkt im Yspertal
18%
Sallingberg 80 Armschlag
18%
Pöggstall 29 Bergern bei Pöggstall
18%
Langschlag 118 Bruderndorf
18%
Heidenreichstein 139 Dietweis
18%
Droß 28 Droßeramt
18%
Leiben 147 Ebersdorf
18%
Gmünd 397 Eibenstein
18%
Raabs an der Thaya 47 Eibenstein
18%
Albrechtsberg an der Großen Krems 163 Els
18%
Mühldorf 149 Elsarn am Jauerling
18%
Straß im Straßertale 191 Elsarn im Straßertal
18%
Groß Gerungs 14 Etlas
18%
Pölla 117 Franzen
18%
Waldkirchen an der Thaya 22 Fratres
18%
Zwettl-NÖ 468 Friedersbach
18%
Gföhl 71 Garmanns
18%
Röhrenbach 22 Germanns
18%
Zwettl-NÖ 100 Germanns
18%
Krems an der Donau 1.255 Gneixendorf
18%
Langenlois 960 Gobelsburg
18%
Haugschlag 95 Griesbach
18%
Groß Gerungs 244 Griesbach
18%
Karlstein an der Thaya 103 Griesbach bei Dobersberg
18%
Waidhofen an der Thaya-Land 18 Griesbach bei Waidhofen
18%
Pfaffenschlag bei Waidhofen an der Thaya 84 Großeberharts
18%
Altmelon 111 Großpertenschlag
18%
Großgöttfritz 376 Großweißenbach
18%
Karlstein an der Thaya 90 Hohenwarth
18%
Krumau am Kamp 125 Idolsberg
18%
Zwettl-NÖ 462 Jagenbach
18%
Bad Großpertholz 140 Karlstift
18%
Waidhofen an der Thaya 76 Kleineberharts
18%
Gastern 115 Kleinmotten
18%
Pölla 0 Kleinmotten
18%
Altmelon 191 Kleinpertenschlag
18%
Kottes-Purk 26 Leopolds
18%
Windigsteig 54 Lichtenberg
18%
Gföhl 44 Litsch- und Wurfenthalgraben
18%
Pernegg 54 Ludweishofen
18%
Senftenberg 31 Meislingeramt
18%
Dobersberg 141 Merkengersch
18%
Langenlois 201 Mittelberg
18%
Langschlag 11 Mittelberg
18%
Sallingberg 147 Moniholz
18%
Rappottenstein 54 Neustift
18%
Rohrendorf bei Krems ~100 Neustift an der Donau
18%
Schönberg am Kamp 147 Neustift bei Schönberg
18%
Dürnstein 167 Oberloiben
18%
Gföhl 95 Obermeisling
18%
Maria Laach am Jauerling 29 Oberndorf
18%
Artstetten-Pöbring 29 Oberndorf
18%
Zwettl-NÖ 0 Oberndorf
18%
Raabs an der Thaya 177 Oberndorf bei Raabs
18%
Raabs an der Thaya 73 Oberndorf bei Weikertschlag
18%
Pöggstall 2 Oed
18%
Thaya 98 Peigarten
18%
Arbesbach 67 Pretrobruck
18%
Schönberg am Kamp 35 Raan
18%
Gföhl 99 Rastbach
18%
Zwettl-NÖ 65 Rosenau Dorf
18%
Zwettl-NÖ 48 Rosenau Schloss
18%
Gastern 121 Ruders
18%
Waidhofen an der Thaya 14 Schlagles
18%
Waldkirchen an der Thaya 48 Schönfeld
18%
Arbesbach 89 Schönfeld
18%
Göpfritz an der Wild 127 Schönfeld an der Wild
18%
Senftenberg 119 Senftenbergeramt
18%
Groß-Siegharts 80 Sieghartsles
18%
Rastenfeld 66 Sperkenthal
18%
Rosenburg-Mold 13 Stallegg
18%
Gedersdorf 564 Theiß
18%
Gars am Kamp 412 Thunau am Kamp
18%
Dürnstein 311 Unterloiben
18%
Gföhl 174 Untermeisling
18%
Waidhofen an der Thaya-Land 233 Vestenpoppen
18%
Leiben 74 Weitenegg
18%
Aggsbach 153 Willendorf in der Wachau
18%
Waidhofen an der Thaya-Land 150 Wohlfahrts
18%
Gars am Kamp 41 Wolfshof
18%
St. Leonhard am Hornerwald 479 Wolfshoferamt
18%
Langenlois 768 Zöbing
18%
Zwettl-NÖ 398 Zwettl Stift
18%
Bad Großpertholz 77 Abschlag
9%
Groß Gerungs 42 Albern
9%
Raabs an der Thaya 31 Alberndorf
9%
Waidhofen an der Thaya 198 Altwaidhofen
9%
Waidhofen an der Thaya 0 Altwaidhofen Großer Wald
9%
Zwettl-NÖ 98 Annatsberg
9%
Göpfritz an der Wild 0 Äpfelgschwendt
9%
Pöggstall 155 Arndorf
9%
Brunn an der Wild 63 Atzelsdorf
9%
Münichreith-Laimbach ~10 Bachones
9%
Kottes-Purk 17 Bernhards
9%
Zwettl-NÖ 5 Bernhards
9%
Bad Traunstein 30 Biberschlag
9%
Zwettl-NÖ 34 Böhmhöf
9%
Zwettl-NÖ 29 Bösenneunzen
9%
Langschlag 92 Bruderndorferwaldhäuser
9%
Sigmundsherberg 76 Brugg
9%
Pölla 0 Brugg
9%
Waidhofen an der Thaya-Land 147 Buchbach
9%
Gars am Kamp 51 Buchberg am Kamp
9%
Schönberg am Kamp 36 Buchberger Waldhütten
9%
Brunn an der Wild 121 Dietmannsdorf
9%
Altmelon 65 Dietrichsbach
9%
Krumau am Kamp 0 Dobra
9%
Pölla 0 Dobra
9%
Artstetten-Pöbring 56 Dölla
9%
Pölla 0 Döllersheim
9%
Schönbach 72 Dorfstadt
9%
Ludweis-Aigen 49 Drösiedl
9%
Heidenreichstein 208 Eberweis
9%
Zwettl-NÖ 0 Edelhof
9%
Waidhofen an der Thaya-Land 64 Edelprinz
9%
Karlstein an der Thaya 55 Eggersdorf
9%
Großdietmanns 425 Ehrendorf
9%
Schrems 55 Ehrenhöbarten
9%
Großdietmanns 290 Eichberg
9%
Jaidhof 226 Eisengraberamt
9%
Pfaffenschlag bei Waidhofen an der Thaya 49 Eisenreichs
9%
Weiten 82 Eitental
9%
Groß-Siegharts 97 Ellends
9%
Kautzen 93 Engelbrechts
9%
Großgöttfritz 68 Engelbrechts
9%
Zwettl-NÖ 143 Eschabruck
9%
Vitis 63 Eschenau
9%
Groß Gerungs 166 Etzen
9%
Raxendorf 80 Feistritz
9%
Gföhl 103 Felling
9%
Schönberg am Kamp 42 Fernitz
9%
Altmelon 114 Fichtenbach
9%
Groß-Siegharts 113 Fistritz
9%
Zwettl-NÖ 0 Flachau
9%
Kirchberg am Walde 109 Frommberg
9%
St. Oswald ~100 Fünfling
9%
Zwettl-NÖ 180 Gerotten
9%
Echsenbach 130 Gerweis
9%
Waldkirchen an der Thaya 36 Gilgenberg
9%
Münichreith-Laimbach 122 Gmaining
9%
Karlstein an der Thaya 100 Göpfritzschlag
9%
Litschau 166 Gopprechts
9%
Karlstein an der Thaya 60 Goschenreith
9%
Dobersberg 102 Goschenreith am Taxenbache
9%
Waidhofen an der Thaya 51 Götzles
9%
Waidhofen an der Thaya-Land 120 Götzweis
9%
Zwettl-NÖ 121 Gradnitz
9%
Reingers 51 Grametten
9%
Emmersdorf an der Donau 133 Grimsing
9%
Raabs an der Thaya 116 Großau
9%
Zwettl-NÖ 327 Großglobnitz
9%
Zwettl-NÖ 144 Großhaslau
9%
Weinzierl am Walde 145 Großheinrichschlag
9%
Waldenstein 137 Großhöbarten
9%
Groß Gerungs 116 Groß Meinharts
9%
Sallingberg 313 Großnondorf
9%
Kautzen 77 Großtaxen
9%
Kottes-Purk 35 Gschwendt
9%
Zwettl-NÖ 155 Gschwendt
9%
Weinzierl am Walde 69 Habruck
9%
Groß Gerungs 77 Haid
9%
Emmersdorf an der Donau 115 Hain
9%
Langenlois ~1.200 Haindorf
9%
Grafenegg 380 Haitzendorf
9%
Arbesbach 63 Haselbach
9%
Langau 44 Hessendorf
9%
Waidhofen an der Thaya 305 Hollenbach
9%
Großdietmanns 219 Hörmanns
9%
Litschau 96 Hörmanns
9%
Zwettl-NÖ 82 Hörmanns
9%
Zwettl-NÖ 29 Hörweix
9%
Kautzen ~200 Illmau
9%
Zwettl-NÖ 132 Jahrings
9%
Weißenkirchen an der Wachau 148 Joching
9%
Groß Gerungs 32 Josefsdorf
9%
Waidhofen an der Thaya-Land 134 Kainraths
9%
Gars am Kamp 235 Kamegg
9%
Langschlag 51 Kasbach
9%
Zwettl-NÖ 22 Kleehof
9%
Vitis 38 Kleingloms
9%
Pfaffenschlag bei Waidhofen an der Thaya 114 Kleingöpfritz
9%
Sallingberg 58 Kleinhaslau
9%
Albrechtsberg an der Großen Krems 79 Klein-Heinrichschlag
9%
Zwettl-NÖ 89 Kleinmeinharts
9%
Grafenschlag 105 Kleinnondorf
9%
Rappottenstein 52 Kleinnondorf
9%
Windigsteig 78 Kleinreichenbach
9%
Kautzen 54 Kleintaxen
9%
Großgöttfritz 145 Kleinweißenbach
9%
Gastern 102 Kleinzwettl
9%
Raabs an der Thaya 29 Koggendorf
9%
Raabs an der Thaya 65 Kollmitzdörfl
9%
Ludweis-Aigen 23 Kollmitzgraben
9%
Münichreith-Laimbach 156 Kollnitz
9%
Zwettl-NÖ ~100 Koppenzeil
9%
Geras 78 Kottaun
9%
Schrems 351 Kottinghörmanns
9%
Groß Gerungs 71 Kottingnondorf
9%
Schrems 264 Langegg
9%
Leiben 148 Lehen
9%
Dobersberg 60 Lexnitz
9%
Raabs an der Thaya 50 Liebnitz
9%
Raabs an der Thaya 48 Lindau
9%
Schönbach 160 Lohn
9%
Groß-Siegharts 45 Loibes
9%
Litschau 131 Loimanns
9%
Leiben 124 Losau
9%
Raabs an der Thaya 38 Luden
9%
Sallingberg 107 Lugendorf
9%
Windigsteig 86 Markl
9%
Waidhofen an der Thaya 123 Matzles
9%
Windigsteig 47 Matzlesschlag
9%
Münichreith-Laimbach 29 Mayerhofen
9%
Zwettl-NÖ 34 Mayerhöfen
9%
Windigsteig 77 Meires
9%
Göpfritz an der Wild 160 Merkenbrechts
9%
Zwettl-NÖ 136 Merzenstein
9%
Großschönau 63 Mistelbach
9%
Gföhl 51 Mittelbergeramt
9%
Zwettl-NÖ 134 Mitterreith
9%
Langschlag 107 Mitterschlag
9%
Raabs an der Thaya 99 Modsiedl
9%
Zwettl-NÖ 259 Moidrams
9%
Raxendorf 3 Moos
9%
Gföhl 118 Moritzreith
9%
Heidenreichstein 99 Motten
9%
Rastenfeld 145 Mottingeramt
9%
Zwettl-NÖ 44 Negers
9%
Röhrenbach 47 Neubau
9%
Gföhl 35 Neubau
9%
Raxendorf 11 Neudorf
9%
Pöggstall 119 Neukirchen am Ostrong
9%
Brunn an der Wild 97 Neukirchen an der Wild
9%
Raabs an der Thaya 68 Neuriegers
9%
Zwettl-NÖ 48 Neusiedl
9%
Raxendorf 6 Neusiedl bei Feldstein
9%
Weinzierl am Walde 2 Neusiedl bei Habruck
9%
Thaya 163 Niederedlitz
9%
Zwettl-NÖ 71 Niederglobnitz
9%
Zwettl-NÖ 290 Niederneustift
9%
Waldhausen 187 Niedernondorf
9%
Pölla 0 Niederplöttbach
9%
Schrems 712 Niederschrems
9%
Zwettl-NÖ 183 Niederstrahlbach
9%
Weinzierl am Walde 215 Nöhagen
9%
Artstetten-Pöbring 148 Nussendorf
9%
Thaya 90 Oberedlitz
9%
Weitersfeld 65 Oberfladnitz
9%
Lichtenau im Waldviertel 145 Obergrünbach
9%
Karlstein an der Thaya 106 Obergrünbach
9%
Zwettl-NÖ ~800 Oberhof
9%
Groß Gerungs 227 Oberneustift
9%
Waldhausen 133 Obernondorf
9%
Raabs an der Thaya 15 Oberpfaffendorf
9%
Schönberg am Kamp 53 Oberplank
9%
Zwettl-NÖ 0 Oberplöttbach
9%
Rohrendorf bei Krems ~1.000 Oberrohrendorf
9%
Groß Gerungs 409 Oberrosenauerwaldhäuser
9%
Zwettl-NÖ 338 Oberstrahlbach
9%
St. Leonhard am Hornerwald 114 Obertautendorferamt
9%
Maria Taferl 68 Oberthalheim
9%
Drosendorf-Zissersdorf 42 Oberthürnau
9%
Martinsberg 62 Oed
9%
Ludweis-Aigen 69 Oedt an der Wild
9%
Mühldorf 152 Ötz
9%
Mühldorf 74 Ötzbach
9%
Münichreith-Laimbach 51 Pargatstetten
9%
Rappottenstein 242 Pehendorf
9%
Altmelon 37 Perwolfs
9%
Kautzen 120 Pleßberg
9%
Kirchschlag 44 Pleßberg
9%
Raabs an der Thaya 46 Pommersdorf
9%
Kottes-Purk 16 Pötzles
9%
Zwettl-NÖ 0 Pötzles
9%
Raabs an der Thaya 17 Primmersdorf
9%
Waidhofen an der Thaya 91 Puch
9%
Zwettl-NÖ 23 Purken
9%
Arbesbach 79 Purrath
9%
Waidhofen an der Thaya 46 Pyhra
9%
Raabs an der Thaya 89 Rabesreith
9%
Ludweis-Aigen 50 Radl
9%
Windigsteig 65 Rafings
9%
Arbesbach 146 Rammelhof
9%
Münichreith-Laimbach ~80 Rappoltenreith
9%
Waldkirchen an der Thaya 83 Rappolz
9%
Rastenfeld 15 Rastenberg
9%
Zwettl-NÖ 73 Ratschenhof
9%
Dobersberg 95 Reibers
9%
Litschau 35 Reichenbach
9%
Rappottenstein 40 Reichenbach
9%
Dobersberg 64 Reinolz
9%
Weitra 164 Reinprechts
9%
Burgschleinitz-Kühnring 168 Reinprechtspölla
9%
Gföhl 62 Reisling
9%
Gföhl 97 Reittern
9%
Litschau 137 Reitzenschlag
9%
Dobersberg 94 Riegers
9%
Pölla 0 Riegers
9%
Zwettl-NÖ 227 Rieggers
9%
Rappottenstein 117 Ritterkamp
9%
Pfaffenschlag bei Waidhofen an der Thaya 62 Rohrbach
9%
Rappottenstein 169 Roiten
9%
Raabs an der Thaya 93 Rossa
9%
Haugschlag 73 Rottal
9%
Zwettl-NÖ 32 Rottenbach
9%
Hofamt Priel 114 Rottenhof
9%
Zwettl-NÖ 577 Rudmanns
9%
Waldkirchen an der Thaya 65 Rudolz
9%
Litschau 48 Saaß
9%
Schweiggers 237 Sallingstadt
9%
Ludweis-Aigen 25 Sauggern
9%
Raabs an der Thaya 51 Schaditz
9%
Emmersdorf an der Donau 35 Schallemmersdorf
9%
Zwettl-NÖ 10 Schickenhof
9%
Jaidhof 88 Schiltingeramt
9%
Schweiggers 53 Schwarzenbach
9%
Pfaffenschlag bei Waidhofen an der Thaya 67 Schwarzenberg
9%
Gföhl 109 Seeb
9%
Weiten 121 Seiterndorf
9%
Raabs an der Thaya 83 Speisendorf
9%
Großgöttfritz 124 Sprögnitz
9%
Bad Großpertholz 33 Steinbach
9%
Brand-Nagelberg 224 Steinbach
9%
Raxendorf 12 Steinbach
9%
Allentsteig 0 Steinbach
9%
Schönberg am Kamp 190 Stiefern
9%
Weinzierl am Walde 180 Stixendorf
9%
Weißenkirchen an der Wachau 23 St. Michael
9%
Meiseldorf 209 Stockern
9%
Weiten 62 Streitwiesen
9%
Kirchberg am Walde 192 Süßenbach
9%
Raabs an der Thaya 44 Süssenbach
9%
Zwettl-NÖ 97 Syrafeld
9%
Gars am Kamp 176 Tautendorf bei Gars
9%
Röhrenbach 44 Tautendorf bei Röhrenbach
9%
Allentsteig 189 Thaua
9%
Karlstein an der Thaya 139 Thuma
9%
Karlstein an der Thaya 44 Thures
9%
Krumau am Kamp 15 Thurnberg
9%
Schönberg am Kamp 50 Thürneustift
9%
Raabs an der Thaya 15 Trabersdorf
9%
Mühldorf 276 Trandorf
9%
Ludweis-Aigen 48 Tröbings
9%
Waidhofen an der Thaya 103 Ulrichschlag
9%
Raabs an der Thaya 65 Unterpertholz
9%
Raabs an der Thaya 43 Unterpfaffendorf
9%
Rohrendorf bei Krems ~1.000 Unterrohrendorf
9%
Zwettl-NÖ 128 Unterrosenauerwaldhäuser
9%
St. Leonhard am Hornerwald 102 Untertautendorferamt
9%
Maria Taferl 112 Unterthalheim
9%
Drosendorf-Zissersdorf 11 Unterthürnau
9%
Zwettl-NÖ 57 Uttissenbach
9%
Waidhofen an der Thaya 52 Vestenötting
9%
Spitz 128 Vießling
9%
Zwettl-NÖ 163 Waldhams
9%
Waldkirchen an der Thaya 81 Waldhers
9%
Groß-Siegharts 267 Waldreichs
9%
Pölla 2 Waldreichs
9%
Raxendorf 9 Walkersdorf
9%
Grafenegg 218 Walkersdorf am Kamp
9%
Maria Laach am Jauerling 22 Weinberg
9%
Groß-Siegharts 64 Weinern
9%
Göpfritz an der Wild 134 Weinpolz
9%
Hofamt Priel 442 Weins
9%
Kirchberg am Walde 127 Weißenalbern
9%
Pöggstall 40 Weißpyhra
9%
Japons 95 Wenjapons
9%
Weitra 97 Wetzles
9%
Raabs an der Thaya 17 Wetzles
9%
Groß-Siegharts 95 Wienings
9%
Arbesbach 124 Wiesensfeld
9%
Raabs an der Thaya 0 Wilhelmshof
9%
Yspertal 379 Wimberg
9%
Drosendorf-Zissersdorf 82 Wolfsbach
9%
Zwettl-NÖ 71 Wolfsberg
9%
Weißenkirchen an der Wachau 298 Wösendorf in der Wachau
9%
Pöggstall 210 Würnsdorf
9%
Lichtenau im Waldviertel 48 Wurschenaigen
9%
Raabs an der Thaya 25 Zabernreith
9%
Raxendorf 169 Zeining
9%
Raabs an der Thaya 52 Zemmendorf
9%
Rastenfeld 8 Zierings
9%
Raabs an der Thaya 31 Ziernreith
9%
Pöggstall 79 Zöbring
9%
Raxendorf 53 Afterbach
0%
Artstetten-Pöbring 38 Aichau
0%
Lichtenau im Waldviertel 152 Allentsgschwendt
0%
Göpfritz an der Wild 70 Almosen
0%
Schönberg am Kamp 61 Altenhof
0%
Heidenreichstein 163 Altmanns
0%
Gedersdorf 85 Altweidling
0%
Burgschleinitz-Kühnring 49 Amelsdorf
0%
Mühldorf 34 Amstall
0%
Bad Großpertholz 126 Angelbach
0%
Pfaffenschlag bei Waidhofen an der Thaya 76 Arnolz
0%
Nöchling 57 Artneramt
0%
Pfaffenschlag bei Waidhofen an der Thaya 53 Artolz
0%
Albrechtsberg an der Großen Krems 40 Arzwiesen
0%
Pöggstall 98 Aschelberg
0%
Schönbach 54 Aschen
0%
Albrechtsberg an der Großen Krems 90 Attenreith
0%
Marbach an der Donau 313 Auratsberg
0%
Drosendorf-Zissersdorf 39 Autendorf
0%
Maria Laach am Jauerling 30 Benking
0%
Kirchschlag 36 Bernhardshof
0%
Ottenschlag 40 Bernreith
0%
Allentsteig 121 Bernschlag
0%
Groß Gerungs 83 Böhmsdorf
0%
Gmünd ~500 Böhmzeil
0%
Raxendorf 96 Braunegg
0%
Göpfritz an der Wild 173 Breitenfeld
0%
Gmünd 181 Breitensee
0%
Grafenschlag 36 Bromberg
0%
Pöggstall 47 Bruck am Ostrong
0%
Weitra 109 Brühl
0%
Schweiggers 0? Brünnhof
0%
Altenburg 152 Burgerwiesen
0%
Gars am Kamp 0 Burgholz
0%
Burgschleinitz-Kühnring 76 Buttendorf
0%
Geras 136 Dallein
0%
Kottes-Purk 54 Dankholz
0%
Brunn an der Wild 58 Dappach
0%
Ludweis-Aigen 44 Diemschlag
0%
Grafenegg 53 Diendorf am Kamp
0%
Straß im Straßertale 20 Diendorf am Walde
0%
Rappottenstein 16 Dietharts
0%
Allentsteig 0 Dietreichs
0%
Pöggstall 104 Dietsam
0%
Horn 39 Doberndorf
0%
Gedersdorf 41 Donaudorf
0%
Kottes-Purk 4 Doppl
0%
Irnfritz-Messern 34 Dorna
0%
Lichtenau im Waldviertel 64 Ebergersch
0%
Kirchschlag 33 Eck
0%
Allentsteig 0 Edelbach
0%
Münichreith-Laimbach 141 Edelsreith
0%
Windigsteig 22 Edengans
0%
Martinsberg 37 Edlesberg
0%
Thaya 51 Eggmanns
0%
Groß Gerungs 64 Egres
0%
Raxendorf 8 Eibetsberg bei Raxendorf
0%
Weiten 12 Eibetsberg bei Weiten
0%
Pölla 0 Eichhorns
0%
Kottes-Purk 134 Elsenreith
0%
Drosendorf-Zissersdorf 64 Elsern
0%
Ottenschlag 54 Endlas
0%
Grafenegg 561 Engabrunn
0%
Lichtenau im Waldviertel 27 Engelschalks
0%
Eggenburg 106 Engelsdorf
0%
Großschönau 108 Engelstein
0%
Kottes-Purk 3 Ensberg
0%
Albrechtsberg an der Großen Krems 76 Eppenberg
0%
Lichtenau im Waldviertel 70 Erdweis
0%
Kottes-Purk 2 Ernst
0%
Pernegg 35 Etzelsreith
0%
Gars am Kamp 102 Etzmannsdorf am Kamp
0%
Straning-Grafenberg 113 Etzmannsdorf bei Straning
0%
Vitis 148 Eulenbach
0%
Emmersdorf an der Donau 74 Fahnsdorf
0%
Amaliendorf-Aalfang 37 Falkendorf
0%
Röhrenbach 87 Feinfeld
0%
Maria Laach am Jauerling 31 Felbring
0%
Kottes-Purk 14 Felles
0%
Pölla 0 Felsenberg
0%
Weiten 37 Filsendorf
0%
Brand-Nagelberg 162 Finsternau
0%
Kottes-Purk 13 Fohra
0%
Langschlag 20 Fraberg
0%
Brunn an der Wild 16 Frankenreith
0%
Großgöttfritz 139 Frankenreith
0%
Groß Gerungs 84 Frauendorf
0%
Schönberg am Kamp 97 Freischling
0%
Groß Gerungs 112 Freitzenschlag
0%
Maria Laach am Jauerling 28 Friedersdorf
0%
Großschönau 74 Friedreichs
0%
Artstetten-Pöbring 96 Fritzelsdorf
0%
Weitersfeld 109 Fronsburg
0%
Gastern 218 Frühwärts
0%
Altenburg 106 Fuglau
0%
Geras 44 Fugnitz
0%
Brunn an der Wild 30 Fürwald
0%
Schwarzenau 55 Ganz
0%
Gastern 94 Garolden
0%
Kirchschlag 10 Gaßles
0%
Eggenburg 90 Gauderndorf
0%
Schrems 136 Gebharts
0%
Burgschleinitz-Kühnring 0 Geiersdorf
0%
Pöggstall 61 Gerersdorf
0%
Zwettl-NÖ 33 Gerlas
0%
Maria Laach am Jauerling 4 Gießhübl
0%
Albrechtsberg an der Großen Krems 134 Gillaus
0%
Lichtenau im Waldviertel 86 Gloden
0%
Röhrenbach 34 Gobelsdorf
0%
Geras 133 Goggitsch
0%
Japons 40 Goslarn
0%
Emmersdorf an der Donau 258 Gossam
0%
Kottes-Purk 25 Gotthardschlag
0%
Marbach an der Donau 211 Granz
0%
Röhrenbach 10 Greillenstein
0%
Rappottenstein 7 Gretschen
0%
Gmünd 140 Grillenstein
0%
Aggsbach 75 Groisbach
0%
St. Bernhard-Frauenhofen 194 Großburgstall
0%
Thaya 197 Großgerharts
0%
Rappottenstein 44 Großgundholz
0%
Dobersberg 38 Großharmanns
0%
Schwarzenau 136 Großhaselbach
0%
Echsenbach 92 Großkainraths
0%
Waldenstein 104 Großneusiedl
0%
Großschönau 128 Großotten
0%
Allentsteig 0 Großpoppen
0%
Eisgarn 196 Groß-Radischen
0%
Schweiggers 110 Großreichenbach
0%
Lichtenau im Waldviertel 179 Großreinprechts
0%
Vitis 182 Großrupprechts
0%
Weitra 191 Großwolfgers
0%
Gföhl 47 Grottendorf
0%
Irnfritz-Messern 28 Grub
0%
Windigsteig 24 Grünau
0%
Waldenstein 93 Grünbach
0%
Rappottenstein 90 Grünbach
0%
St. Bernhard-Frauenhofen 31 Grünberg
0%
Grafenegg 220 Grunddorf
0%
Kottes-Purk 13 Günsles
0%
Bad Traunstein 9 Gürtelberg
0%
Persenbeug-Gottsdorf 85 Hagsdorf
0%
Echsenbach 87 Haimschlag
0%
Burgschleinitz-Kühnring 78 Harmannsdorf
0%
Großschönau 99 Harmannstein
0%
St. Martin 256 Harmanschlag
0%
Albrechtsberg an der Großen Krems 36 Harrau
0%
Groß Gerungs 104 Harruck
0%
Artstetten-Pöbring 55 Hart
0%
Geras 64 Harth
0%
Irnfritz-Messern 59 Haselberg
0%
Bad Traunstein 40 Haselberg
0%
Maria Laach am Jauerling 39 Haslarn
0%
Heidenreichstein 47 Haslau
0%
Artstetten-Pöbring 20 Hasling
0%
Rappottenstein 87 Hausbach
0%
Schwarzenau 244 Hausbach
0%
Groß Gerungs 41 Häuslern
0%
Vitis 183 Heinreichs
0%
Groß Gerungs 69 Heinreichs
0%
Pölla 0 Heinreichs
0%
Unserfrau-Altweitra 190 Heinreichs bei Weitra
0%
Weitersfeld 68 Heinrichsdorf
0%
Drosendorf-Zissersdorf 61 Heinrichsreith
0%
Kottes-Purk 55 Heitzles
0%
Sallingberg 34 Heubach
0%
Weinzierl am Walde 65 Himberg
0%
Maria Laach am Jauerling 20 Hinterkogl
0%
Reingers 113 Hirschenschlag
0%
Waldhausen 50 Hirschenschlag
0%
Moorbad Harbach 229 Hirschenwies
0%
Dobersberg 91 Hohenau
0%
Großdietmanns 121 Höhenberg
0%
Rappottenstein 20 Höhendorf
0%
Gföhl 62 Hohenstein
0%
Kirchberg am Walde 171 Hollenstein
0%
Kottes-Purk 9 Hörans
0%
Bad Traunstein 73 Hummelberg
0%
Groß Gerungs 59 Hypolz
0%
Reingers 65 Illmanns
0%
Senftenberg 569 Imbach
0%
Gastern 38 Immenschlag
0%
Thaya 79 Jarolden
0%
Weiten 49 Jasenegg
0%
Vitis 172 Jaudling
0%
Lichtenau im Waldviertel 91 Jeitendorf
0%
Vitis 112 Jetzles
0%
Ottenschlag 43 Jungschlag
0%
Langschlag 91 Kainrathschlag
0%
Sigmundsherberg 153 Kainreith
0%
Kottes-Purk 60 Kalkgrub
0%
Vitis 122 Kaltenbach
0%
Bad Traunstein 81 Kaltenbach
0%
Grafenschlag 72 Kaltenbrunn
0%
Sallingberg 29 Kamles
0%
Yspertal 196 Kapelleramt
0%
Meiseldorf 183 Kattau
0%
Münichreith-Laimbach 54 Kehrbach
0%
Langschlag 65 Kehrbach
0%
Pölla 12 Kienberg
0%
Kirchschlag 20 Kienings
0%
Schrems 34 Kiensass
0%
Raxendorf 27 Klebing
0%
Pölla 28 Kleinenzersdorf
0%
Kautzen 28 Kleingerharts
0%
Groß Gerungs 54 Kleingundholz
0%
Dobersberg 28 Kleinharmanns
0%
Allentsteig 0 Kleinhaselbach
0%
Röschitz 123 Kleinjetzelsdorf
0%
Allentsteig 0 Kleinkainraths
0%
Zwettl-NÖ 130 Kleinotten
0%
Echsenbach 75 Kleinpoppen
0%
Pölla 21 Kleinraabs
0%
Eisgarn 60 Klein-Radischen
0%
Groß Gerungs 31 Kleinreinprechts
0%
Röschitz 40 Kleinreinprechtsdorf
0%
Waldenstein 119 Kleinruprechts
0%
Irnfritz-Messern 100 Klein-Ulrichschlag
0%
Groß Gerungs 133 Kleinwetzles
0%
Schweiggers 51 Kleinwolfgers
0%
Zwettl-NÖ 43 Koblhof
0%
Aggsbach 28 Köfering
0%
Langschlag 50 Kogschlag
0%
Waldhausen 103 Königsdorf
0%
Lichtenau im Waldviertel 24 Kornberg
0%
Windigsteig 72 Kottschallings
0%
Gars am Kamp 52 Kotzendorf
0%
Pöggstall 17 Krempersbach
0%
Schönberg am Kamp 18 Kriegenreith
0%
Pölla 41 Krug
0%
Pöggstall 14 Krumling
0%
Maria Laach am Jauerling 48 Kuffarn
0%
Zwettl-NÖ 0 Kühbach
0%
Schrems 85 Kurzschwarza
0%
Pöggstall 18 Laas
0%
Lichtenau im Waldviertel 53 Ladings
0%
Langschlag ~10 Lamberg
0%
Krems an der Donau 1.068 Landersdorf
0%
Pöggstall 11 Landstetten
0%
St. Martin 204 Langfeld
0%
Langschlag ~140 Langschlägerwaldhäuser
0%
Schrems 240 Langschwarza
0%
Raxendorf 15 Laufenegg
0%
Moorbad Harbach 201 Lauterbach
0%
Pernegg 31 Lehndorf
0%
Raxendorf 32 Lehsdorf
0%
Rappottenstein 118 Lembach
0%
Reingers 198 Leopoldsdorf
0%
Ludweis-Aigen 28 Liebenberg
0%
Schweiggers 198 Limbach
0%
Schwarzenau 44 Limpfings
0%
Maria Laach am Jauerling 29 Litzendorf
0%
Weinzierl am Walde 68 Lobendorf
0%
Artstetten-Pöbring 34 Lohsdorf an der Schwarza
0%
Pölla 0 Loibenreith
0%
Gars am Kamp 12 Loibersdorf
0%
Pöggstall 79 Loibersdorf
0%
Maria Laach am Jauerling 87 Loitzendorf
0%
Martinsberg 89 Loitzenreith
0%
Waldhausen 64 Loschberg
0%
Altenburg 71 Mahrersdorf
0%
Gars am Kamp 122 Maiersch
0%
Meiseldorf 89 Maigen
0%
Weinzierl am Walde 63 Maigen
0%
Leiben 67 Mampasberg
0%
Raxendorf 88 Mannersdorf bei Heiligenblut
0%
Allentsteig 0 Mannshalm
0%
Schweiggers 104 Mannshalm
0%
Groß Gerungs 92 Marharts
0%
Burgschleinitz-Kühnring 59 Matzelsdorf
0%
Schweiggers 21 Meinhartschlag
0%
Kirchschlag 24 Merkengerst
0%
Pölla 0 Mestreichs
0%
Sigmundsherberg 105 Missingdorf
0%
Maria Laach am Jauerling 7 Mitterndorf
0%
Nöchling 194 Mitterndorf
0%
Martinsberg 61 Mitterndorf
0%
Emmersdorf an der Donau 18 Mödelsdorf
0%
Schwarzenau 16 Modlisch
0%
Horn 460 Mödring
0%
Schönberg am Kamp 313 Mollands
0%
Weiten 220 Mollendorf
0%
Weiten 22 Mörenz
0%
Rosenburg-Mold 132 Mörtersdorf
0%
Raabs an der Thaya 54 Mostbach
0%
Pöggstall 36 Muckendorf
0%
Horn 130 Mühlfeld
0%
Langschlag 42 Münzbach
0%
Pöggstall 44 Mürfelndorf
0%
Weiten 5 Nasting
0%
Ottenschlag 79 Neuhof
0%
Raxendorf 5 Neusiedl bei Pfaffenhof
0%
Rastenfeld 168 Niedergrünbach
0%
Mühldorf 158 Niederranna
0%
Waldhausen 37 Niederwaltenreith
0%
Pernegg 80 Nödersdorf
0%
Weitersfeld 43 Nonnersdorf
0%
Maria Laach am Jauerling 31 Nonnersdorf
0%
Pöggstall 30 Oberbierbaum
0%
Maria Taferl 236 Obererla
0%
Weitersfeld 140 Oberhöflein
0%
Pöggstall 11 Oberhohenau
0%
Groß Gerungs 56 Oberkirchen
0%
Unserfrau-Altweitra 81 Oberlembach
0%
Weitersfeld 100 Obermixnitz
0%
Straß im Straßertale 59 Obernholz
0%
Rappottenstein 56 Oberrabenthan
0%
Mühldorf 19 Oberranna
0%
Langenlois ~100 Oberreith
0%
Japons 37 Oberthumeritz
0%
Weitra 56 Oberwindhag
0%
Weinzierl am Walde 66 Ostra
0%
Raxendorf 24 Ottenberg
0%
Lichtenau im Waldviertel 103 Pallweis
0%
Artstetten-Pöbring 52 Payerstetten
0%
Schweiggers 73 Perndorf
0%
Schönbach 106 Pernthon
0%
Rappottenstein 48 Pfaffendorf
0%
Raxendorf 18 Pfaffenhof
0%
Geras 20 Pfaffenreith
0%
Bad Traunstein 29 Pfaffings
0%
Drosendorf-Zissersdorf 26 Pingendorf
0%
St. Bernhard-Frauenhofen 185 Poigen
0%
Emmersdorf an der Donau 52 Pömling
0%
Pöggstall 14 Pömmerstall
0%
Pernegg 76 Posselsdorf
0%
Mühldorf 90 Povat
0%
Krumau am Kamp 158 Preinreichs
0%
Groß Gerungs 40 Preinreichs
0%
Pöggstall 86 Prinzelndorf
0%
Weitersfeld 46 Prutzendorf
0%
Geras 40 Purgstall
0%
Albrechtsberg an der Großen Krems 32 Purkersdorf
0%
Unserfrau-Altweitra 52 Pyhrabruck
0%
Sallingberg 28 Rabenhof
0%
Ludweis-Aigen 7 Radessen
0%
Weiten 42 Rafles
0%
Pernegg 137 Raisdorf
0%
Pölla 31 Ramsau
0%
Emmersdorf an der Donau 38 Rantenberg
0%
Thaya 32 Ranzles
0%
Waldhausen 88 Rappoltschlag
0%
Weitersfeld 63 Rassingdorf
0%
Allentsteig 0 Rausmanns
0%
Weinzierl am Walde 56 Reichau
0%
Senftenberg 56 Reichaueramt
0%
Bad Großpertholz 70 Reichenau am Freiwald
0%
Großgöttfritz 76 Reichers
0%
Pölla 30 Reichhalms
0%
Irnfritz-Messern 87 Reichharts
0%
Kottes-Purk 35 Reichpolds
0%
Kautzen 31 Reinberg-Dobersberg
0%
Eggern 104 Reinberg-Heidenreichstein
0%
Eggern 90 Reinberg-Litschau
0%
Schweiggers 11 Reinbolden
0%
Großdietmanns 49 Reinpolz
0%
Allentsteig 75 Reinsbach
0%
Maria Taferl 139 Reitern
0%
Martinsberg 45 Reitzendorf
0%
Kottes-Purk 19 Richterhof
0%
Rappottenstein 24 Riebeis
0%
Echsenbach 32 Rieweis
0%
Zwettl-NÖ 4 Ritzmannshof
0%
Raxendorf 9 Robans
0%
Sigmundsherberg 304 Rodingersdorf
0%
Röschitz 222 Roggendorf
0%
Kirchschlag 67 Roggenreith
0%
Sigmundsherberg 70 Röhrawiesen
0%
Großgöttfritz 155 Rohrenreith
0%
Großschönau 78 Rothfarn
0%
Irnfritz-Messern 86 Rothweinsdorf
0%
Kottes-Purk 28 Runds
0%
Japons 64 Sabatenreith
0%
Burgschleinitz-Kühnring 44 Sachsendorf
0%
Weitersfeld 63 Sallapulka
0%
Waidhofen an der Thaya-Land 46 Sarning
0%
Grafenschlag 94 Schafberg
0%
Unserfrau-Altweitra 93 Schagges
0%
Allentsteig 0 Schagles
0%
Litschau 82 Schandachen
0%
Krems an der Donau 86 Scheibenhof
0%
Kirchschlag 111 Scheibenhof
0%
Göpfritz an der Wild 198 Scheideldorf
0%
Lichtenau im Waldviertel 59 Scheutz
0%
Geras 51 Schirmannsreith
0%
Thaya 48 Schirnes
0%
Karlstein an der Thaya 71 Schlader
0%
Maria Laach am Jauerling 29 Schlaubing
0%
Gedersdorf 158 Schlickendorf
0%
Langschlag 13 Schmerbach
0%
Pölla 64 Schmerbach am Kamp
0%
Kirchschlag 43 Schneeberg
0%
Kottes-Purk 8 Schoberhof
0%
Groß Gerungs 87 Schönbichl
0%
Großschönau 52 Schroffen
0%
Dobersberg 63 Schuppertholz
0%
Spitz 90 Schwallenbach
0%
Pölla 0 Schwarzenreith
0%
Japons 82 Schweinburg
0%
Ludweis-Aigen 75 Seebs
0%
Bad Großpertholz 16 Seifritz
0%
Rappottenstein 59 Selbitz
0%
Heidenreichstein 250 Seyfrieds
0%
Waidhofen an der Thaya 0 Seyfrieds Wald
0%
Groß Gerungs 54 Siebenberg
0%
Langschlag 115 Siebenhöf
0%
Schweiggers 148 Siebenlinden
0%
Geras 77 Sieghartsreith
0%
Kottes-Purk 24 Singenreith
0%
Grafenegg 398 Sittendorf
0%
Irnfritz-Messern 42 Sitzendorf
0%
Groß Gerungs 106 Sitzmanns
0%
Pölla 0 Söllitz
0%
Burgschleinitz-Kühnring 24 Sonndorf
0%
Vitis 96 Sparbach
0%
Bad Traunstein 84 Spielberg
0%
Sallingberg 31 Spielleithen
0%
Weitra 215 Spital
0%
Pernegg 83 Staningersdorf
0%
Weitersfeld 124 Starrein
0%
Altenburg 41 Steinegg
0%
St. Oswald ~100 Stiegeramt
0%
Langschlag 48 Stierberg
0%
Brunn an der Wild 70 St. Marein
0%
Schwarzenau 120 Stögersbach
0%
Vitis 17 Stoies
0%
Eggenburg 244 Stoitzendorf
0%
Eggenburg 0 Stoitzendorf Heide
0%
Hirschbach 55 Stölzles
0%
Pöggstall 4 Straßreith
0%
Gedersdorf 145 Stratzdorf
0%
Schweiggers 43 Streitbach
0%
Langschlag 59 Streith
0%
St. Bernhard-Frauenhofen 72 Strögen
0%
Pölla 0 Strones
0%
Weitra 114 St. Wolfgang
0%
Weitra 65 Sulz
0%
Lichtenau im Waldviertel 100 Taubitz
0%
Kottes-Purk 30 Teichmanns
0%
Groß Gerungs 222 Thail
0%
Maria Laach am Jauerling 12 Thalham
0%
Großschönau 105 Thaures
0%
Heidenreichstein 118 Thaures
0%
Pölla 0 Thaures
0%
Sigmundsherberg 222 Theras
0%
Geras 0 Thumeritzer Sasswald
0%
Martinsberg 52 Thumling
0%
Krumau am Kamp 91 Tiefenbach
0%
Kautzen 52 Tiefenbach
0%
Weiten 51 Tottendorf
0%
Irnfritz-Messern 124 Trabenreith
0%
Geras 45 Trautmannsdorf
0%
Artstetten-Pöbring 21 Trennegg
0%
Kautzen 43 Triglas
0%
Kottes-Purk 34 Trittings
0%
Raxendorf 20 Troibetsberg
0%
Haugschlag 79 Türnau
0%
Artstetten-Pöbring 54 Unterbierbaum
0%
Maria Taferl 73 Untererla
0%
Pöggstall 8 Unterhohenau
0%
Großdietmanns 178 Unterlembach
0%
Weitersfeld 80 Untermixnitz
0%
Zwettl-NÖ 106 Unterrabenthan
0%
Langenlois ~100 Unterreith
0%
Japons 106 Unterthumeritz
0%
Schweiggers 81 Unterwindhag
0%
Schweiggers 21 Vierlings
0%
Kottes-Purk 33 Voirans
0%
Kottes-Purk 94 Voitsau
0%
Sallingberg 80 Voitschlag
0%
Großschönau 36 Wachtberg
0%
Pöggstall 13 Wachtberg
0%
Brunn an der Wild 50 Waiden
0%
Sigmundsherberg 86 Walkenstein
0%
Martinsberg 20 Walpersdorf
0%
Weitra 66 Walterschlag
0%
Bad Traunstein 22 Walterschlag
0%
Schweiggers 57 Walterschlag
0%
Gars am Kamp 38 Wanzenau
0%
Irnfritz-Messern 88 Wappoltenreith
0%
Vitis 198 Warnungs
0%
Straning-Grafenberg 123 Wartberg
0%
Bad Großpertholz 79 Watzmanns
0%
Pölla 79 Wegscheid am Kamp
0%
Bad Traunstein 87 Weidenegg
0%
Pöggstall 113 Weinling
0%
Weiten 19 Weitendorf
0%
Martinsberg 32 Weixelberg
0%
Groß Gerungs 43 Wendelgraben
0%
Kottes-Purk 12 Wernhies
0%
Waldhausen 75 Werschenschlag
0%
Pölla 35 Wetzlas
0%
Straß im Straßertale 88 Wiedendorf
0%
Waidhofen an der Thaya-Land 44 Wiederfeld
0%
Martinsberg 12 Wiehalm
0%
Großdietmanns 243 Wielands
0%
Grafenschlag 39 Wielands
0%
Heidenreichstein 44 Wielandsberg
0%
Eisgarn 67 Wielings
0%
Waldhausen 60 Wiesenreith
0%
Gastern 55 Wiesmaden
0%
Maria Laach am Jauerling 25 Wiesmannsreith
0%
Lichtenau im Waldviertel 65 Wietzen
0%
St. Leonhard am Hornerwald 70 Wilhalm
0%
Windigsteig 43 Willings
0%
Maria Taferl 17 Wimm
0%
Schweiggers 33 Windhof
0%
Röhrenbach 112 Winkl
0%
Weinzierl am Walde 58 Wolfenreith bei Habruck
0%
Echsenbach 65 Wolfenstein
0%
Heidenreichstein 92 Wolfsegg
0%
Drosendorf-Zissersdorf 27 Wollmersdorf
0%
Großschönau 98 Wörnharts
0%
Moorbad Harbach 132 Wultschau
0%
Allentsteig 0 Wurmbach
0%
Groß Gerungs 121 Wurmbrand
0%
Brunn an der Wild 14 Wutzendorf
0%
Rosenburg-Mold 65 Zaingrub
0%
Raxendorf 16 Zehentegg
0%
Waldenstein 29 Zehenthöf
0%
Maria Laach am Jauerling 104 Zeißing
0%
Japons 55 Zettenreith
0%
Drosendorf-Zissersdorf 38 Zettlitz
0%
Maria Laach am Jauerling 53 Zintring
0%
Gars am Kamp 262 Zitternberg
0%
Burgschleinitz-Kühnring 140 Zogelsdorf
0%
Raxendorf 17 Zogelsdorf
0%
Großschönau 38 Zweres
0%
Allentsteig 60 Zwinzen
0%
Keine übereinstimmenden Quizze gefunden
Verteilung der Resultate
Anzahl Personen mit jedem Resultat
Perzentil nach korrekt beantworteten Fragen
Ihre Resultats-Entwicklung
Sie haben dieses Quiz noch nicht gespielt